| 000 | 01187cam a2200337 4500 | ||
|---|---|---|---|
| 999 |
_c19278 _d19278 |
||
| 001 | 2719383 | ||
| 003 | BDDh-ASL | ||
| 005 | 20231015025752.0 | ||
| 008 | 710507m19701971pk b 000 0beng | ||
| 010 | _a 76931697 | ||
| 040 |
_aDLC _cDLC _dBDDh-ASL _dOCoLC _dDLC |
||
| 041 | 1 |
_aeng _hund |
|
| 050 | 0 | 0 |
_aBP75 _b.S4846 |
| 082 | 0 | 0 |
_a297.63 _aB _bALL |
| 100 | 0 |
_aShiblī Nuʻmānī, _d1857-1914. |
|
| 240 | 1 | 0 |
_aSīrat al-Nabī. _lEnglish |
| 245 | 1 | 0 |
_aʻAllamah Shibli's Sirat al-Nabi / _ctranslated into English by Fazlur Rahman. |
| 260 |
_aKarachi, _bPakistan Historical Society, _c1970-71. |
||
| 300 |
_a547 p. : _c25 cm. |
||
| 440 | 0 |
_aPakistan Historical Society publication ; _vno. 47 |
|
| 500 | _aVol. 2 has t.p.: ʻAllamah Shibli's Sirat-un-Nabi, translated by Sibtain Ahmad. 1st ed. Karachi, Jamiyat-ul-Falah. | ||
| 500 | _aVol. 2 lacks series statement. | ||
| 504 | _aIncludes bibliographical references. | ||
| 600 | 0 | 0 |
_aMuḥammad, _cProphet, _d-632. |
| 650 | 0 |
_aMuslims _xBiography. |
|
| 700 | 1 |
_aRahman, Fazlur, _d1919-1988. |
|
| 700 | 1 | _aAhmad, Sibtain. | |
| 740 | 0 | _aSirat al-Nabi. | |
| 906 |
_a7 _bcbc _corignew _d4 _encip _f19 _gy-gencatlg |
||
| 942 |
_2ddc _cBK |
||